Normal view
MARC view
- Saich, Tony
Entry Personal Name
001 - CONTROL NUMBER
- control field: 35891
003 - CONTROL NUMBER IDENTIFIER
- control field: OSt
005 - DATE AND TIME OF LATEST TRANSACTION
- control field: 20140406111810.0
008 - FIXED-LENGTH DATA ELEMENTS
- fixed length control field: 140406|| aca||aabn | a|a d
040 ## - CATALOGING SOURCE
- Original cataloging agency: OSt
100 1# - HEADING--PERSONAL NAME
- Personal name: Saich, Tony
400 1# - SEE FROM TRACING--PERSONAL NAME
- Personal name: Saich, A.
- Fuller form of name: (Anthony)
400 1# - SEE FROM TRACING--PERSONAL NAME
- Personal name: Saich, Anthony